000 00478nam a2200157 4500
001 107846
003 ES-MaACL
005 20230906184515.0
007 t|
008 061121s1934 fr r ||||1| fre d
100 1 _aMontandon, George.
_982360
245 1 3 _aL'ologénese culturelle
_b: traité d'Ethnologie cyclo-culturelle et d'Ergologie Systématique /
_cGeorge Montandon.
260 _aParís :
_bPayot,
_c1934.
300 _a778 p. ;
_c23 cm.
852 _aES-MaACL
_jA-3127
999 _c107846
_d107846